Các hệ thống thông minh
Giới thiệu các hệ thống thông minh. Biểu diễn tri thức. Các phwong pháp lập luận. Hệ chuyên gia. Hệ giúp ra quyết định. Quản trị dữ liệu: xây dựng kho dữ liệu, truy cập và hiển thị. Các tác từ thông minh
Saved in:
| Main Author: | |
|---|---|
| Other Authors: | |
| Format: | Book |
| Language: | Vietnamese |
| Published: |
H.
Đại học Sư phạm
2012
|
| Subjects: | |
| Tags: |
Add Tag
No Tags, Be the first to tag this record!
|
| Institutions: | Mạng thư viện Đại học Đà Nẵng |
|---|
| LEADER | 01629aam a22004218a 4500 | ||
|---|---|---|---|
| 001 | 000020782 | ||
| 003 | 17229 | ||
| 005 | 20150330140311.0 | ||
| 008 | 150327s2012 viesd | ||
| 020 | |c 40000 | ||
| 041 | |a vie | ||
| 082 | 1 | 4 | |2 14 |a 006.3 |b HÔ-H |
| 084 | |a U421.2 | ||
| 084 | |b C000D | ||
| 100 | 1 | |a Hồ Cẩm Hà | |
| 245 | |a Các hệ thống thông minh |c Hồ Cẩm Hà | ||
| 260 | |a H. |b Đại học Sư phạm |c 2012 | ||
| 300 | |a 179tr. |b hình mh. |c 24cm. | ||
| 504 | |a Thư mục ở cuối chương | ||
| 520 | 3 | |a Giới thiệu các hệ thống thông minh. Biểu diễn tri thức. Các phwong pháp lập luận. Hệ chuyên gia. Hệ giúp ra quyết định. Quản trị dữ liệu: xây dựng kho dữ liệu, truy cập và hiển thị. Các tác từ thông minh | |
| 650 | 0 | 4 | |2 Bộ TK TVQG |a Trí tuệ nhân tạo (hệ thống thông tin) |v Giáo trình |x Hệ thống thông minh |
| 650 | 7 | |2 Bộ TK TVQG | |
| 650 | 7 | |2 Bộ TK TVQG | |
| 653 | |a Hệ thống thông minh | ||
| 653 | |a hệ thống thông tin | ||
| 653 | |a Máy tính | ||
| 653 | |a Trí tuệ nhân tạo | ||
| 700 | 0 | |a Nguyễn Thị Phương Hoa | |
| OWN | |a LSP | ||
| AVA | |a UDN50 |b LSP |d 006.3 HÔ-H |e available |t Error 5001 Not defined in file expand_doc_bib_avail. |f 10 |g 0 |h N |i 0 |k 1 | ||
| 999 | |a From the UDN01 | ||
| AVA | |a UDN50 |b LSP |d 006.3 HÔ-H |e available |t Error 5001 Not defined in file expand_doc_bib_avail. |f 10 |g 0 |h N |i 0 |k 1 | ||
| TYP | |a Monograph | ||
| TYP | |a Printed language | ||
| 980 | |a Mạng thư viện Đại học Đà Nẵng | ||